Hits Of Rod Stewart - Statistics

General Stats
  • This quiz has been taken 45 times
  • The average score is 11 of 15
Answer Stats
Hint Answer % Correct
The First Cut - Is The Deepest
97%
Maggie - May
94%
D'Ya Think I'm - Sexy
94%
Tonight's - The Night
91%
You Wear - It Well
88%
Baby - Jane
79%
The Killing Of - Georgie
76%
Young - Turks
76%
You're In - My Heart
71%
I Don't Want To - Talk About It
71%
It Takes - Two
71%
Have I Told - You Lately
71%
The Motown - Song
44%
Oh No - Not My Baby
38%
Ain't Love - A Bitch
29%
No matching quizzes found
Score Distribution
Percent of People with Each Score
Percentile by Number Answered
Your Score History
You have not taken this quiz